Дьявол; Восприятие зла с древнейших времен до раннего христианства: пер. с англ.

Detaylı Bibliyografya
Yazar: Рассел Д. Б. Джеффри Бартон
Dil:Rusça
Baskı/Yayın Bilgisi: СПб., Евразия, 2001
Konular:
Materyal Türü: Kitap
KOHA link:https://koha.lib.tpu.ru/cgi-bin/koha/opac-detail.pl?biblionumber=45529

MARC

LEADER 00000nam0a2200000 4500
001 45529
005 20231031023933.0
010 |a 5807100638 
035 |a (RuTPU)RU\TPU\book\47401 
090 |a 45529 
100 |a 20021211d2001 km y0rusy50 ca 
101 1 |a rus 
102 |a RU 
105 |a a z 001zy 
200 1 |a Дьявол  |a Восприятие зла с древнейших времен до раннего христианства  |e пер. с англ.  |f Д. Б. Рассел 
210 |a СПб.  |c Евразия  |d 2001 
215 |a 408 с.  |c ил. 
320 |a Библиогр.: с. 357-378. 
320 |a Указатели: с. 379-407. 
610 1 |a религия 
610 1 |a демонология 
610 1 |a дьявол 
610 1 |a зло 
610 1 |a персонификация 
686 |a Э24  |v LBC/SL-A  |2 rubbk 
700 1 |a Рассел  |b Д. Б.  |g Джеффри Бартон 
801 1 |a RU  |b 63413507  |c 20021211  |g PSBO 
801 2 |a RU  |b 63413507  |c 20030115  |g PSBO 
942 |c BK